000 01152nam a2200313 i 4500
003 DO-SdBNP
005 20260311140223.0
007 ta
008 260311b1993 dr a|||| |||| 00| 0 spa d
040 _aDO-SdBNP
_bspa
_cBNPHU
_erda
041 _aspa
082 4 _aRD863.5
_bT649j
_222
100 1 _aTolentino, Marianne de,
_eautor
_4aut.
_915222
245 1 0 _aJuguemos a trabajar :
_bdoce historias de niños dominicanos /
_cMarianne de Tolentino ; imágenes, Jane Luisa Geraldino ; presentación, Freddy Ginebra Giudicelli.
250 _asegunda edición
264 1 _aSanto Domingo :
_bAmigo del Hogar,
_c1993.
300 _a30 páginas :
_bilustraciones ;
_c24 cm.
336 _atexto
_btxt
_2rdacontent
337 _asin mediación
_bn
_2rdamedia
338 _avolumen
_bnc
_2rdacarrier
590 _aInventariado, 2026/BT
650 4 _aCuentos infantiles dominicanos
_9505
650 4 _aLiteratura infantil dominicana
_9441
650 4 _aLibros ilustrados para niños
_933509
700 1 _aGeraldino, Jane Luisa,
_eilustrador
_4il.
_972398
700 1 _aGinebra Giudicelli, Freddy,
_epresentación
_97342
910 _aBtavárez
942 _2ddc
_cLBS1
999 _c60484
_d60484